| 000 | 00526nam a2200169Ia 4500 | ||
|---|---|---|---|
| 999 |
_c36027 _d36027 |
||
| 003 | OSt | ||
| 005 | 20210122102816.0 | ||
| 008 | 190216s9999||||xx |||||||||||||| ||und|| | ||
| 040 | _coclc | ||
| 082 |
_a338.954 _bGOV/T |
||
| 100 |
_aGovernment Of India _91019 |
||
| 245 | 0 |
_aThe Seventh Five Year Plan 1985-90 / _cGovernment Of India |
|
| 260 |
_bGovt Of India Planning Commission, _c1985. _aNew Delhi: |
||
| 300 | _a73p | ||
| 650 | _aFive Year Plan | ||
| 942 |
_cREF _2ddc _h338.954 _iGOV/T _k338.954 _mGOV/T |
||